000 00829nam a2200265Ia 4500
003 OSt
005 20220924115807.0
006 a|||||r|||| 00| 0
007 ta
008 220923b |||||||| |||| 00| 0 urd d
020 _a9789350731123 (hbk)
020 _c100
024 _a285495
037 _b4307, 19/11/2014, Kitabi Duniya
_cTextual
040 _aARTS
_cARTS
_burd
041 _2urd
_aurd
082 _aV2:51(Q7).M5, 168Q3
100 _aIbrahimi M.A. Au.
_9179610
245 0 _aJang-e-aazadi ke muslim shohda
260 _aDelhi
_bEducational Publishing House India
_c2013
300 _a107p.
_ccm.
650 _aINDIA - HISTORY - FREEDOM STRUGGLE
_922401
942 _hV2:51(Q7).M5, 168Q3
_cTEXL
_2CC
999 _c399918
_d399918